Города Краснодарского края - Statistics

General Stats
  • This quiz has been taken 44 times
  • The average score is 14 of 26
Answer Stats
Население Город % Correct
1 154 885 Краснодар
100%
445 149 Сочи
100%
261 973 Новороссийск
97%
80 534 Геленджик
91%
84 404 Анапа
84%
60 089 Туапсе
81%
81 099 Ейск
69%
185 356 Армавир
63%
38 572 Усть-Лабинск
59%
55 434 Лабинск
56%
54 756 Крымск
56%
42 634 Горячий Ключ
56%
54 009 Тихорецк
53%
73 854 Кропоткин
50%
60 780 Славянск-на-Кубани
50%
30 084 Приморско-Ахтарск
50%
40 415 Темрюк
41%
39 048 Апшеронск
38%
38 440 Абинск
38%
21 700 Хадыженск
38%
54 190 Белореченск
31%
40 944 Кореновск
31%
46 089 Курганинск
28%
33 048 Новокубанск
28%
32 911 Гулькевичи
19%
51 101 Тимашёвск
13%
No matching quizzes found
Score Distribution
Percent of People with Each Score
Percentile by Number Answered
Your Score History
You have not taken this quiz